| 000 | 00840nam a2200229 a 4500 | ||
|---|---|---|---|
| 005 | 20210223130719.0 | ||
| 008 | 081008s1990 mx r 000 0 spa d | ||
| 035 | _aUPN01000162784 | ||
| 049 | _aUNE | ||
| 080 | _a37.014 (7/8) =20 SCH No.192. | ||
| 100 | 1 | _aSchiefelbein, Ernesto | |
| 245 | 1 | 0 |
_aSeven strategies for improving the quality and efficiency of the education system / _cErnesto Schiefelbein. |
| 260 |
_aParis : _bUNESCO; _aNew York : _bUNICEF; _aRome : _bWFP, _c1990. |
||
| 300 | _apág. irregular.; 30 cm. fot. | ||
| 440 | 0 | _aNotes, comments...;192 | |
| 690 | _aCalidad de la educacion- Sistemas educacionales- America L. | ||
| 690 | _aInnovaciones pedagogicas- Estrategias de la educacion- A.L. | ||
| 710 | 2 | _aUNESCO | |
| 710 | 2 |
_aUNICEF _924085 |
|
| 710 | 2 | _aWFP. Programa de Alementación Mundial. | |
| 905 | _aUNESCO | ||
| 999 |
_c134897 _d134897 |
||